[Event "Tbilisi-Sukhumi"]
[Site "Tbilisi"]
[Date "1977.??.??"]
[Round "?"]
[White "Alexandria, Nana"]
[Black "Gipslis, Aivars"]
[Result "1-0"]
[WhiteElo "2340"]
[BlackElo "2535"]
[PlyCount "81"]
[EventDate "1977.10.??"]
[EventType "tourn"]
[EventRounds "14"]
[EventCountry "URS"]
[Source "ChessBase"]
[SourceDate "1998.11.10"]

1. e4 Nf6 2. e5 Nd5 3. d4 d6 4. c4 Nb6 5. exd6 cxd6 6. Nc3 g6 7. a4 Bg7 8. a5
N6d7 9. Nf3 O-O 10. Ra3 Nf6 11. d5 e5 12. Be2 Na6 13. O-O h6 14. Ne1 Ne8 15.
Be3 Nac7 16. Nc2 f5 17. f3 Kh7 18. Qd2 Rf7 19. b4 Bf8 20. c5 Bd7 21. Bc4 Qh4
22. f4 Rg7 23. b5 dxc5 24. b6 Nd6 25. Be2 Ncb5 26. Nxb5 Nxb5 27. Bxb5 Bxb5 28.
Rb1 a6 29. fxe5 g5 30. Bf2 Qf4 31. Qxf4 gxf4 32. Rc3 Rd8 33. Bxc5 Rc8 34. Bxf8
Rxc3 35. Bxg7 Rxc2 36. Rxb5 Kxg7 37. Rb4 Rd2 38. d6 Kf7 39. Rxf4 Ke6 40. Rf2
Rd3 41. Re2 1-0

[Event "NZL-ch"]
[Site "Dunedin"]
[Date "1988.??.??"]
[Round "?"]
[White "Small, Vernon A"]
[Black "Dive, Russell John"]
[Result "1-0"]
[WhiteElo "2355"]
[BlackElo "2235"]
[PlyCount "67"]
[EventDate "1988.??.??"]
[EventType "tourn"]
[EventRounds "11"]
[EventCountry "NZL"]
[Source "ChessBase"]
[SourceDate "1997.11.17"]

1. e4 Nf6 2. e5 Nd5 3. d4 d6 4. c4 Nb6 5. exd6 cxd6 6. Nc3 g6 7. a4 a5 8. c5
dxc5 9. Bb5+ Bd7 10. dxc5 Nc8 11. Be3 Bg7 12. Qd2 Bc6 13. Qxd8+ Kxd8 14. O-O-O+
Kc7 15. Nf3 Bxf3 16. gxf3 Bxc3 17. bxc3 Nc6 18. Rd5 f6 19. Rhd1 Kb8 20. Rd7 g5
21. f4 h6 22. Kc2 N8a7 23. Rb1 Kc8 24. Bxc6 Nxc6 25. Rbxb7 Ra6 26. f5 Re8 27.
Bd4 e5 28. fxe6 Rxe6 29. Rdc7+ Kd8 30. Rh7 Kc8 31. Rbc7+ Kb8 32. Rcf7 Na7 33.
Rxh6 Nc8 34. Rfxf6 1-0

[Event "Warsaw op"]
[Site "Warsaw"]
[Date "1989.??.??"]
[Round "?"]
[White "Lokasto, Anatol"]
[Black "Sarwinski, Miroslaw"]
[Result "1-0"]
[WhiteElo "2290"]
[BlackElo "2395"]
[PlyCount "67"]
[EventDate "1989.04.??"]
[EventType "swiss"]
[EventRounds "9"]
[EventCountry "POL"]
[Source "ChessBase"]
[SourceDate "1996.11.15"]

1. e4 Nf6 2. e5 Nd5 3. d4 d6 4. c4 Nb6 5. exd6 cxd6 6. Nc3 g6 7. a4 Bg7 8. a5
N6d7 9. Ra3 O-O 10. Nf3 b6 11. axb6 Nxb6 12. Be2 Nc6 13. O-O Bg4 14. c5 dxc5
15. dxc5 Nd7 16. Qa4 Bxc3 17. Rxc3 Nce5 18. Nxe5 Bxe2 19. Nxd7 Bxf1 20. Kxf1
Re8 21. Bf4 f6 22. Rd3 Kg7 23. c6 Qc8 24. Qc4 e5 25. Be3 Re7 26. g4 h6 27. h4
a5 28. Nb6 Qg8 29. Qxg8+ Rxg8 30. Rd7 Rxd7 31. cxd7 Kf7 32. Bd2 Ke7 33. Bxa5
Kd6 34. Nd5 1-0

[Event "Mesterjelolt-ch"]
[Site "Mesterjelolt"]
[Date "1990.??.??"]
[Round "?"]
[White "Somlai, Laszlo"]
[Black "Varhegyi, Miklos"]
[Result "1/2-1/2"]
[WhiteElo "2340"]
[BlackElo "2255"]
[PlyCount "67"]
[EventDate "1990.??.??"]
[EventType "swiss"]
[EventRounds "9"]
[EventCountry "HUN"]
[Source "ChessBase"]
[SourceDate "2003.11.25"]

1. e4 Nf6 2. e5 Nd5 3. d4 d6 4. c4 Nb6 5. exd6 cxd6 6. Nc3 g6 7. a4 a5 8. c5
dxc5 9. Bb5+ N6d7 10. Bf4 Bg7 11. Nd5 O-O 12. Bc7 Qe8 13. Nb6 Ra6 14. dxc5 Nc6
15. Bxa6 bxa6 16. Ne2 Nxb6 17. cxb6 Bb7 18. O-O Ne5 19. f3 Nc4 20. Qc1 Qc6 21.
b3 Bxa1 22. Qxc4 Qf6 23. Rd1 Be5 24. Qc5 Bxc7 25. Qxc7 Qe6 26. Kf2 Qxb3 27. Rd7
Bd5 28. Rxe7 Qxa4 29. Rd7 Bc6 30. Rd6 Bb5 31. Rd4 Qa2 32. Re4 Bxe2 33. Rxe2 Qb3
34. b7 1/2-1/2

[Event "Utasellato IM-A"]
[Site "Budapest"]
[Date "1990.??.??"]
[Round "9"]
[White "Vujosevic, Vladimir"]
[Black "Varga, Peter"]
[Result "1-0"]
[WhiteElo "2340"]
[BlackElo "2250"]
[PlyCount "99"]
[EventDate "1990.??.??"]
[EventType "tourn"]
[EventRounds "11"]
[EventCountry "HUN"]
[EventCategory "1"]
[Source "ChessBase"]
[SourceDate "1996.11.15"]

1. e4 Nf6 2. e5 Nd5 3. d4 d6 4. c4 Nb6 5. exd6 cxd6 6. Nc3 g6 7. a4 a5 8. c5
dxc5 9. Bb5+ N6d7 10. Bf4 Bg7 11. Nd5 e5 12. dxe5 O-O 13. Nf3 Nc6 14. Bxc6 bxc6
15. Bg5 f6 16. Nxf6+ Bxf6 17. Bxf6 Nxf6 18. Qxd8 Rxd8 19. exf6 Kf7 20. Ng5+
Kxf6 21. Nxh7+ Kf5 22. h4 Ra7 23. Ng5 Re7+ 24. Kf1 Rd2 25. Rh3 Rxb2 26. Rf3+
Kg4 27. g3 Rb4 28. Rf6 Bf5 29. Rxc6 c4 30. Kg2 Re2 31. Rd1 Bd3 32. Rf6 Kh5 33.
Rf4 Re7 34. g4+ Kh6 35. Kg3 Rb3 36. f3 c3 37. Rxd3 c2 38. Rc4 Rxd3 39. Rxc2 Rd4
40. Rc6 Rxa4 41. h5 Rg7 42. Ne6 Rg8 43. Nf4 Ra1 44. Nxg6 Ra8 45. Ne7+ Kh7 46.
g5 a4 47. Rc7 a3 48. Ng6+ Kg8 49. h6 Rg1+ 50. Kf2 1-0

[Event "Warsaw Legion op"]
[Site "Warsaw"]
[Date "1990.??.??"]
[Round "?"]
[White "Kaminski, Marcin"]
[Black "Rubene, Ilze"]
[Result "1-0"]
[WhiteElo "2315"]
[BlackElo "2130"]
[PlyCount "55"]
[EventDate "1990.??.??"]
[EventType "swiss"]
[EventRounds "9"]
[EventCountry "POL"]
[Source "ChessBase"]
[SourceDate "1996.11.15"]

1. e4 Nf6 2. e5 Nd5 3. d4 d6 4. c4 Nb6 5. exd6 cxd6 6. Nc3 g6 7. a4 a5 8. c5
dxc5 9. Bb5+ N6d7 10. Bf4 Bg7 11. Nd5 e5 12. dxe5 O-O 13. Nf3 Nc6 14. Bg5 f6
15. Nxf6+ Nxf6 16. Qb3+ Kh8 17. O-O Bg4 18. exf6 Bxf6 19. Bh6 Re8 20. h3 Bxf3
21. Qxf3 Bxb2 22. Rab1 Qf6 23. Bxc6 bxc6 24. Qg4 Bd4 25. Rb7 Bxf2+ 26. Rxf2
Re1+ 27. Kh2 Qxf2 28. Bg7+ 1-0

[Event "YUG-chT"]
[Site "Cetinje"]
[Date "1990.??.??"]
[Round "5"]
[White "Micic, Jordanka"]
[Black "Todorovic, Olivera"]
[Result "1-0"]
[WhiteElo "2210"]
[BlackElo "2130"]
[PlyCount "75"]
[EventDate "1990.??.??"]
[EventType "team"]
[EventRounds "9"]
[EventCountry "YUG"]
[Source "ChessBase"]
[SourceDate "1996.11.15"]

1. e4 Nf6 2. e5 Nd5 3. d4 d6 4. c4 Nb6 5. exd6 cxd6 6. Nc3 g6 7. a4 a5 8. c5
N6d7 9. cxd6 exd6 10. Nf3 Nc6 11. Bg5 Be7 12. Bh6 Nf6 13. h3 Bf5 14. Bb5 Bd7
15. Qe2 Rg8 16. O-O g5 17. Rfe1 Rg6 18. Bxg5 Nxd4 19. Bxd7+ Qxd7 20. Qxe7+ Qxe7
21. Rxe7+ Kxe7 22. Bxf6+ Kxf6 23. Nxd4 Re8 24. Rd1 Rd8 25. Nd5+ Kg7 26. Nf4 Rg5
27. Nfe6+ fxe6 28. Nxe6+ Kf6 29. Nxd8 b5 30. axb5 Rxb5 31. Rxd6+ Ke7 32. Rd2
Rb6 33. f4 a4 34. g4 h5 35. Kg2 hxg4 36. hxg4 Kf6 37. Kg3 Rb3+ 38. Kh4 1-0

[Event "Graested"]
[Site "Graested"]
[Date "1990.??.??"]
[Round "3"]
[White "Davies, Nigel R"]
[Black "Hansen, Curt"]
[Result "1-0"]
[WhiteElo "2475"]
[BlackElo "2570"]
[PlyCount "61"]
[EventDate "1990.02.??"]
[EventType "tourn"]
[EventRounds "9"]
[EventCountry "DEN"]
[EventCategory "10"]
[Source "ChessBase"]
[SourceDate "2004.01.01"]

1. e4 Nf6 2. e5 Nd5 3. d4 d6 4. c4 Nb6 5. exd6 cxd6 6. Nc3 g6 7. a4 a5 8. Nf3
Bg4 9. Be3 Nc6 10. d5 Bxf3 11. gxf3 Nb4 12. Bd4 Rg8 13. c5 dxc5 14. Bb5+ Nd7
15. Bxc5 Bg7 16. O-O b6 17. Be3 Kf8 18. Qe2 Bf6 19. Rad1 Kg7 20. Ne4 Be5 21. d6
Nc5 22. Bg5 Ne6 23. Bxe7 Nf4 24. Qc4 Qb8 25. Ng5 Rf8 26. Rfe1 h6 27. Rxe5 hxg5
28. Bxf8+ Qxf8 29. d7 Qh8 30. Re7 Rf8 31. Qd4+ 1-0

[Event "Tel Aviv"]
[Site "Tel Aviv"]
[Date "1990.??.??"]
[Round "?"]
[White "Davies, Nigel R"]
[Black "Tal, Mihail"]
[Result "1/2-1/2"]
[WhiteElo "2485"]
[BlackElo "2580"]
[PlyCount "64"]
[EventDate "1990.02.??"]
[EventType "tourn"]
[EventRounds "11"]
[EventCountry "ISR"]
[EventCategory "9"]
[Source "ChessBase"]
[SourceDate "2004.01.01"]

1. e4 Nf6 2. e5 Nd5 3. d4 d6 4. c4 Nb6 5. exd6 cxd6 6. Nc3 g6 7. a4 Bg7 8. Nf3
Bg4 9. Be3 O-O 10. a5 N6d7 11. Be2 a6 12. d5 Qc8 13. Nd2 Bxe2 14. Qxe2 Nf6 15.
h3 e6 16. O-O Nbd7 17. dxe6 fxe6 18. Bf4 e5 19. Bg5 Qc6 20. Bxf6 Nxf6 21. Nde4
Nxe4 22. Nxe4 Rac8 23. b3 d5 24. cxd5 Qxd5 25. Rfd1 Qxb3 26. Rab1 Qc4 27. Qe3
Bh6 28. Qb3 Qxb3 29. Rxb3 Rf4 30. f3 Rf7 31. h4 Bf8 32. Kh2 Bg7 1/2-1/2

[Event "Gausdal Int"]
[Site "Gausdal"]
[Date "1990.??.??"]
[Round "6"]
[White "Davies, Nigel R"]
[Black "Chekhov, Valery A"]
[Result "1/2-1/2"]
[WhiteElo "2485"]
[BlackElo "2495"]
[PlyCount "44"]
[EventDate "1990.08.??"]
[EventType "swiss"]
[EventRounds "9"]
[EventCountry "NOR"]
[Source "ChessBase"]
[SourceDate "1994.03.01"]

1. e4 Nf6 2. e5 Nd5 3. d4 d6 4. c4 Nb6 5. exd6 cxd6 6. Nc3 g6 7. a4 a5 8. Nf3
Bg7 9. Be3 O-O 10. Be2 Nc6 11. d5 Ne5 12. Nxe5 Bxe5 13. O-O Nd7 14. Ra3 Nc5 15.
Bd4 Bxd4 16. Qxd4 Bd7 17. Nb5 b6 18. Re1 Re8 19. Bg4 f5 20. Bf3 Rc8 21. Nc3 Rf8
22. Bd1 Rf7 1/2-1/2

[Event "Novi Sad ol (Men)"]
[Site "Novi Sad"]
[Date "1990.??.??"]
[Round "7"]
[White "Delaney, John"]
[Black "Leow Leslie M"]
[Result "0-1"]
[WhiteElo "2315"]
[BlackElo "2455"]
[PlyCount "188"]
[EventDate "1990.11.??"]
[EventType "team"]
[EventRounds "14"]
[EventCountry "YUG"]
[Source "ChessBase"]
[SourceDate "1994.03.01"]

1. e4 Nf6 2. e5 Nd5 3. d4 d6 4. c4 Nb6 5. exd6 cxd6 6. Nc3 g6 7. a4 Bg7 8. a5
N6d7 9. Ra3 O-O 10. Be2 Nc6 11. Nf3 b6 12. axb6 Nxb6 13. O-O Bg4 14. Be3 d5 15.
cxd5 Nxd5 16. Nxd5 Qxd5 17. Qa4 Rfb8 18. Rc1 Rxb2 19. Rc5 Qd8 20. Qxc6 Rxe2 21.
h3 Bxf3 22. Qxf3 Re1+ 23. Kh2 e6 24. Rac3 Bf8 25. R5c4 a5 26. g3 Qd5 27. Bd2
Qxf3 28. Rxf3 Re2 29. Bc1 a4 30. Rcc3 Rd8 31. Kg2 Ra8 32. Rfd3 Ra2 33. Ba3 Bg7
34. Rc4 h5 35. Rf3 Rd2 36. Rc7 Bxd4 37. Rfxf7 Rb8 38. Rcd7 Rc8 39. Rb7 Ra8 40.
Rbd7 Rc8 41. h4 Rd3 42. Rfe7 Rf8 43. Bc5 Rxf2+ 44. Kh3 Bxc5 45. Re8+ Rf8 46.
Rxf8+ Kxf8 47. Rxd3 a3 48. Rd7 Ke8 49. Rb7 Bd4 50. Rb8+ Kd7 51. Ra8 Bc5 52. Ra6
Ke7 53. Kg2 Kf6 54. Kf3 Ke5 55. Ra4 Bd6 56. Ra5+ Kd4 57. Ra6 Kd5 58. g4 Bc5 59.
Kf4 e5+ 60. Kf3 Kd4 61. gxh5 gxh5 62. Ra4+ Kd3 63. Ra5 e4+ 64. Kf4 Bd6+ 65. Kg5
e3 66. Rd5+ Kc3 67. Rxd6 e2 68. Rc6+ Kd2 69. Rd6+ Ke3 70. Re6+ Kf2 71. Rf6+ Kg3
72. Ra6 e1=Q 73. Rxa3+ Kg2 74. Ra2+ Kf3 75. Ra3+ Ke4 76. Ra8 Qd1 77. Re8+ Kf3
78. Kxh5 Kf4+ 79. Kg6 Qg4+ 80. Kf7 Kf5 81. h5 Qc4+ 82. Kg7 Qc7+ 83. Kg8 Kg5 84.
Rf8 Kxh5 85. Rf7 Qd8+ 86. Kh7 Kg5 87. Kg7 Qd6 88. Kg8 Qd5 89. Kg7 Qd8 90. Kh7
Qd4 91. Rg7+ Kf6 92. Kg8 Qd8+ 93. Kh7 Qe8 94. Ra7 Qh5+ 0-1

[Event "Oberliga Nord O 9192"]
[Site "Germany"]
[Date "1992.??.??"]
[Round "?"]
[White "Jaeckle, Marco"]
[Black "Schnabel, Ralf"]
[Result "0-1"]
[WhiteElo "2295"]
[BlackElo "2235"]
[PlyCount "78"]
[EventDate "1991.10.??"]
[EventType "team"]
[EventRounds "11"]
[EventCountry "GER"]
[Source "ChessBase"]
[SourceDate "1996.11.15"]

1. e4 Nf6 2. e5 Nd5 3. c4 Nb6 4. d4 d6 5. exd6 cxd6 6. Nc3 g6 7. a4 a5 8. c5
dxc5 9. Bb5+ N6d7 10. Bf4 Bg7 11. Nd5 e5 12. dxe5 O-O 13. Nf3 Nb6 14. Nf6+ Bxf6
15. exf6 Qxf6 16. Be5 Qe6 17. O-O Nc6 18. Re1 Nxe5 19. Rxe5 Qf6 20. Rxc5 Qxb2
21. Rb1 Qf6 22. Bc6 Rd8 23. Qe1 Nd7 24. Bxd7 Bxd7 25. Rxa5 Bxa4 26. Rxa8 Rxa8
27. Rxb7 Bc2 28. Qe3 Ra1+ 29. Ne1 Qe6 30. Rb8+ Kg7 31. Qc3+ Qf6 32. Qb4 g5 33.
Re8 Bf5 34. Qb8 Be6 35. Rg8+ Kh6 36. Qf8+ Kh5 37. Qb4 Qe5 38. g4+ Bxg4 39. Kg2
Qxe1 0-1

[Event "Massy op"]
[Site "Massy"]
[Date "1992.??.??"]
[Round "6"]
[White "Dovzik, Juri"]
[Black "Wilke, Jens"]
[Result "1-0"]
[WhiteElo "2360"]
[BlackElo "2190"]
[PlyCount "66"]
[EventDate "1992.??.??"]
[EventType "swiss"]
[EventRounds "9"]
[EventCountry "FRA"]
[Source "ChessBase"]
[SourceDate "1998.11.10"]

1. e4 Nf6 2. e5 Nd5 3. d4 d6 4. c4 Nb6 5. exd6 cxd6 6. Nc3 g6 7. a4 a5 8. c5
dxc5 9. Bb5+ N6d7 10. Bg5 h6 11. Be3 Bg7 12. dxc5 O-O 13. Qd2 Ne5 14. Bxh6 Bf5
15. Qf4 Bxh6 16. Qxh6 Qd4 17. Nh3 Ng4 18. Qf4 Qxc5 19. O-O Nc6 20. Rad1 Rad8
21. Ng5 e5 22. Qg3 Kg7 23. Nce4 Qb4 24. h3 Bxe4 25. hxg4 Rxd1 26. Rxd1 Bc2 27.
Rd7 Qe1+ 28. Bf1 Nd4 29. Qe3 Qxe3 30. fxe3 Bxa4 31. Rxb7 Nc6 32. Ne6+ Kg8 33.
Nxf8 Kxf8 1-0

[Event "Zalakaros op 11th"]
[Site "Zalakaros"]
[Date "1992.??.??"]
[Round "8"]
[White "Somlai, Laszlo"]
[Black "Kustar, Sandor"]
[Result "1-0"]
[WhiteElo "2375"]
[BlackElo "2255"]
[PlyCount "29"]
[EventDate "1992.??.??"]
[EventType "swiss"]
[EventRounds "9"]
[EventCountry "HUN"]
[Source "ChessBase"]
[SourceDate "1996.11.15"]

1. e4 Nf6 2. e5 Nd5 3. d4 d6 4. c4 Nb6 5. exd6 cxd6 6. Nc3 g6 7. a4 a5 8. c5
dxc5 9. Bb5+ N6d7 10. Bf4 Na6 11. dxc5 Nc7 12. Qd4 Nxb5 13. Qxh8 Nxc5 14. Bh6
Nd3+ 15. Kf1 1-0

[Event "Ponferrada op"]
[Site "Ponferrada"]
[Date "1992.??.??"]
[Round "?"]
[White "Romero Holmes, Alfonso"]
[Black "Fernandez Garcia, Jose Luis"]
[Result "1-0"]
[WhiteElo "2470"]
[BlackElo "2470"]
[PlyCount "32"]
[EventDate "1992.08.??"]
[EventType "swiss"]
[EventRounds "9"]
[EventCountry "ESP"]
[Source "ChessBase"]
[SourceDate "1999.11.16"]

1. e4 Nf6 2. e5 Nd5 3. d4 d6 4. c4 Nb6 5. exd6 cxd6 6. Nc3 g6 7. a4 Bg7 8. a5
N6d7 9. Nf3 O-O 10. Ra3 Nc6 11. d5 Nb4 12. Be2 Nc5 13. O-O Bf5 14. Nb5 Nc2 15.
Ra2 Nb4 16. Ra3 Nc2 1-0

[Event "AUT-chT2S 9394"]
[Site "Austria"]
[Date "1994.??.??"]
[Round "?"]
[White "Mikac, Matjaz"]
[Black "Rogulj, Branko"]
[Result "1-0"]
[WhiteElo "2395"]
[BlackElo "2405"]
[PlyCount "97"]
[EventDate "1993.??.??"]
[EventType "team"]
[EventRounds "11"]
[EventCountry "AUT"]
[Source "ChessBase"]
[SourceDate "1997.11.17"]

1. e4 Nf6 2. e5 Nd5 3. d4 d6 4. c4 Nb6 5. exd6 cxd6 6. Nc3 g6 7. a4 a5 8. c5
dxc5 9. Bb5+ N6d7 10. Bf4 Bg7 11. Nd5 O-O 12. Bc7 Qe8 13. Nb6 Ra6 14. dxc5 Bxb2
15. Bxb8 Bc3+ 16. Ke2 Bxa1 17. Qxa1 Qd8 18. Bf4 Nxc5 19. Bh6 f6 20. Nxc8 Re6+
21. Be3 Rxe3+ 22. Kxe3 Qxc8 23. Qa2+ Kg7 24. Nf3 Qf5 25. Qc4 Rd8 26. Rc1 b6 27.
Ke2 e5 28. Kf1 g5 29. Qe2 g4 30. Ne1 Ne4 31. Bd3 g3 32. h3 Qxf2+ 33. Qxf2 Nxf2
34. Rc7+ Kh6 35. Rxh7+ Kg5 36. h4+ Kf4 37. Be2 e4 38. h5 f5 39. Rg7 Ng4 40.
Bxg4 fxg4 41. Ke2 Rh8 42. Rg6 Rxh5 43. Rf6+ Ke5 44. Rxb6 Kf4 45. Rb5 Rh8 46.
Nc2 Rd8 47. Rxa5 e3 48. Nxe3 Re8 49. Rf5+ 1-0

[Event "Ceske Budejovice op"]
[Site "Ceske Budejovice"]
[Date "1993.??.??"]
[Round "3"]
[White "Dranov, Aleksandar"]
[Black "Velicka, Petr"]
[Result "1-0"]
[WhiteElo "2340"]
[BlackElo "2420"]
[PlyCount "119"]
[EventDate "1993.??.??"]
[EventType "swiss"]
[EventRounds "9"]
[EventCountry "CZE"]
[Source "ChessBase"]
[SourceDate "1996.11.15"]

1. e4 Nf6 2. e5 Nd5 3. d4 d6 4. c4 Nb6 5. exd6 cxd6 6. Nc3 g6 7. a4 Bg7 8. a5
N6d7 9. Ra3 O-O 10. Nf3 Nf6 11. d5 e6 12. Be2 exd5 13. cxd5 Na6 14. O-O Bg4 15.
Be3 Nc5 16. h3 Bxf3 17. Bxf3 Re8 18. b4 Nce4 19. Nb5 Qb8 20. Rd3 a6 21. Na3 Nd7
22. Nc4 Qc7 23. Qb3 Rac8 24. Rc1 Qb8 25. Rdd1 f5 26. Bf4 Be5 27. Bxe5 Nxe5 28.
Bxe4 fxe4 29. Nxe5 Rxe5 30. Rc4 Re7 31. Rdc1 Rec7 32. R1c3 Rxc4 33. Rxc4 Rxc4
34. Qxc4 Qe8 35. Qd4 Kf7 36. Kf1 Qa4 37. Ke2 Qc2+ 38. Ke3 h5 39. Qxe4 Qc1+ 40.
Kf3 Qc7 41. Kg3 Kg7 42. f3 Qd8 43. h4 Qd7 44. Qe6 Qd8 45. Kh3 Qc7 46. Qe4 Qc8+
47. g4 Qd7 48. Kg3 hxg4 49. Qxg4 Qe7 50. Qd4+ Kh7 51. Qe4 Qd8 52. Kg4 Kg7 53.
Qe6 Qc7 54. f4 Qd8 55. h5 gxh5+ 56. Kxh5 Qc7 57. f5 Qc3 58. Qe7+ Kg8 59. Qxd6
Qh3+ 60. Kg5 1-0

[Event "Ceske Budejovice op"]
[Site "Ceske Budejovice"]
[Date "1993.??.??"]
[Round "6"]
[White "Dranov, Aleksandar"]
[Black "Konopka, Michal"]
[Result "1/2-1/2"]
[WhiteElo "2345"]
[BlackElo "2425"]
[PlyCount "153"]
[EventDate "1993.??.??"]
[EventType "swiss"]
[EventRounds "9"]
[EventCountry "CZE"]
[Source "ChessBase"]
[SourceDate "1996.11.15"]

1. e4 Nf6 2. e5 Nd5 3. d4 d6 4. c4 Nb6 5. exd6 cxd6 6. Nc3 g6 7. a4 Bg7 8. a5
N6d7 9. Ra3 O-O 10. Nf3 b6 11. axb6 Nxb6 12. Be2 Bb7 13. O-O e6 14. c5 dxc5 15.
dxc5 Nd5 16. Nxd5 Bxd5 17. b4 Qc7 18. Be3 Rd8 19. Qc2 a6 20. Rb1 Qb7 21. Bc4
Be4 22. Bd3 Rxd3 23. Rxd3 Nc6 24. Qd2 Qb5 25. Ne1 a5 26. f3 Bxd3 27. Qxd3 Qxd3
28. Nxd3 axb4 29. Bd2 Rb8 30. Nxb4 Rb5 31. Kf1 Bd4 32. Be1 e5 33. f4 Bxc5 34.
Rc1 Bxb4 35. Rxc6 Bxe1 36. Kxe1 exf4 37. Kf2 Rb3 38. Rf6 g5 39. h4 h6 40. Rxh6
g4 41. Rf6 g3+ 42. Ke2 Re3+ 43. Kf1 Re4 44. h5 Kg7 45. Rf5 f6 46. h6+ Kxh6 47.
Rxf6+ Kg5 48. Rd6 Ra4 49. Rd5+ Kg4 50. Rd1 Re4 51. Rc1 Kf5 52. Re1 Ra4 53. Kg1
Ra2 54. Kf1 Ra4 55. Kg1 Re4 56. Rd1 Re2 57. Ra1 Ke4 58. Ra4+ Ke5 59. Ra5+ Ke4
60. Ra4+ Kf5 61. Ra1 Re5 62. Kf1 Ke4 63. Ra4+ Ke3 64. Ra3+ Kd2 65. Ra2+ Kc3 66.
Ra4 Kd2 67. Ra2+ Kd3 68. Ra3+ Ke4 69. Ra4+ Kf5 70. Ra1 Ke4 71. Rb1 Rc5 72. Ra1
Rc4 73. Rb1 f3 74. gxf3+ Kxf3 75. Kg1 Rc2 76. Rb3+ Kg4 77. Rb8 1/2-1/2

[Event "YUG-chT"]
[Site "Cetinje"]
[Date "1993.??.??"]
[Round "4"]
[White "Vujosevic, Vladimir"]
[Black "Marinkovic, Ivan"]
[Result "1/2-1/2"]
[WhiteElo "2375"]
[BlackElo "2445"]
[PlyCount "41"]
[EventDate "1993.??.??"]
[EventType "team"]
[EventRounds "11"]
[EventCountry "YUG"]
[Source "ChessBase"]
[SourceDate "2001.11.25"]

1. e4 Nf6 2. e5 Nd5 3. d4 d6 4. c4 Nb6 5. exd6 cxd6 6. Nc3 g6 7. a4 a5 8. c5
dxc5 9. Bb5+ N6d7 10. Bf4 Bg7 11. Nd5 e5 12. dxe5 O-O 13. Nf3 Nc6 14. Bg5 f6
15. Nxf6+ Nxf6 16. Bxc6 bxc6 17. Qxd8 Rxd8 18. exf6 Re8+ 19. Kd2 Bf8 20. Rhe1
Be6 21. Ne5 1/2-1/2

[Event "Budapest FS06 IM"]
[Site "Budapest"]
[Date "1993.??.??"]
[Round "5"]
[White "Dovzik, Juri"]
[Black "Farago, Sandor"]
[Result "1/2-1/2"]
[WhiteElo "2345"]
[BlackElo "2340"]
[PlyCount "76"]
[EventDate "1993.06.??"]
[EventType "tourn"]
[EventRounds "13"]
[EventCountry "HUN"]
[EventCategory "3"]
[Source "ChessBase"]
[SourceDate "1996.11.15"]

1. e4 Nf6 2. e5 Nd5 3. d4 d6 4. c4 Nb6 5. exd6 cxd6 6. Nc3 g6 7. a4 Bg7 8. a5
N6d7 9. Nf3 O-O 10. Be2 Nc6 11. O-O Nxa5 12. b4 Nc6 13. b5 Na5 14. Bg5 b6 15.
Nd5 Re8 16. Nb4 Bb7 17. Rc1 h6 18. Be3 e5 19. d5 Qc7 20. Nc6 a6 21. Nxa5 bxa5
22. b6 Nxb6 23. Qd2 Kh7 24. c5 dxc5 25. d6 Qd7 26. Rxc5 Rac8 27. Rfc1 Rxc5 28.
Rxc5 Bxf3 29. gxf3 Re6 30. Rc7 Qxd6 31. Rxf7 Qxd2 32. Bxd2 Nd5 33. Bxa5 Nf4 34.
Bf1 Rc6 35. Ra7 Kg8 36. Rxa6 Nh3+ 37. Kg2 Nf4+ 38. Kg1 Nh3+ 1/2-1/2

[Event "Bern op"]
[Site "Bern"]
[Date "1994.??.??"]
[Round "9"]
[White "Ambroz, Jan"]
[Black "Schulze, Ulrich"]
[Result "1-0"]
[WhiteElo "2420"]
[BlackElo "2410"]
[PlyCount "53"]
[EventDate "1994.02.??"]
[EventType "swiss"]
[EventRounds "9"]
[EventCountry "SUI"]
[Source "ChessBase"]
[SourceDate "1994.03.01"]

1. e4 Nf6 2. e5 Nd5 3. c4 Nb6 4. d4 d6 5. exd6 cxd6 6. Nc3 g6 7. a4 a5 8. Be3
Bg7 9. Nf3 O-O 10. h3 Bf5 11. d5 e5 12. Qb3 Ra6 13. c5 dxc5 14. Bxc5 N6d7 15.
Bxf8 Bxf8 16. Bxa6 Nxa6 17. O-O Ndc5 18. Qd1 Bg7 19. Re1 Nd3 20. g4 Nxe1 21.
gxf5 Nxf3+ 22. Qxf3 Nc5 23. Ne4 Nxe4 24. Qxe4 gxf5 25. Qxf5 Qxd5 26. Rc1 Bh6
27. Qg4+ 1-0

[Event "Budapest FS04 IM-B"]
[Site "Budapest"]
[Date "1994.??.??"]
[Round "5"]
[White "Vujosevic, Vladimir"]
[Black "Barth, Rainer"]
[Result "1/2-1/2"]
[WhiteElo "2355"]
[BlackElo "2285"]
[PlyCount "92"]
[EventDate "1994.04.??"]
[EventType "tourn"]
[EventRounds "13"]
[EventCountry "HUN"]
[EventCategory "3"]
[Source "ChessBase"]
[SourceDate "1996.11.15"]

1. e4 Nf6 2. e5 Nd5 3. d4 d6 4. c4 Nb6 5. exd6 cxd6 6. Nc3 g6 7. a4 a5 8. c5
dxc5 9. Bb5+ N6d7 10. Bf4 Bg7 11. Nd5 e5 12. dxe5 O-O 13. Nf3 Nb6 14. Nxb6 Qxb6
15. Rc1 Nc6 16. Qd6 Bg4 17. Nd2 Rfd8 18. Qxc5 Qxc5 19. Rxc5 Nd4 20. Bc4 Be6 21.
Nf3 Bf8 22. Rc7 Bb4+ 23. Kf1 Rac8 24. Rxc8 Rxc8 25. Bd3 Bc4 26. Bxc4 Rxc4 27.
Bh6 Bf8 28. Be3 Nf5 29. Bd2 Rxa4 30. Ke2 Bb4 31. Rc1 Bxd2 32. Kxd2 Rb4 33. Rc2
b5 34. h3 h5 35. Rc8+ Kg7 36. Kc2 Re4 37. Kd3 Rb4 38. Kc3 Ne7 39. Ra8 Nd5+ 40.
Kc2 Rc4+ 41. Kd2 a4 42. Ra7 Nb4 43. Ng5 Rd4+ 44. Kc3 Rc4+ 45. Kd2 Rd4+ 46. Kc3
Rc4+ 1/2-1/2

[Event "Bled op 16th"]
[Site "Bled"]
[Date "1995.??.??"]
[Round "7"]
[White "Guid, Matej"]
[Black "Grabert, Ralf"]
[Result "0-1"]
[WhiteElo "2135"]
[BlackElo "2265"]
[PlyCount "69"]
[EventDate "1995.03.??"]
[EventType "swiss"]
[EventRounds "9"]
[EventCountry "SLO"]
[Source "ChessBase"]
[SourceDate "1997.11.17"]

1. e4 Nf6 2. e5 Nd5 3. d4 d6 4. c4 Nb6 5. exd6 cxd6 6. Nc3 g6 7. a4 Bg7 8. Be3
O-O 9. a5 N6d7 10. Nf3 Nc6 11. Qa4 e5 12. dxe5 dxe5 13. c5 Nd4 14. Ne4 Nf6 15.
Nd6 Bd7 16. Qd1 Nxf3+ 17. gxf3 Bc6 18. Bd3 Ng4 19. Be4 Nxe3 20. fxe3 Qh4+ 21.
Ke2 Rfd8 22. Bxc6 bxc6 23. Ra4 Qh3 24. Qf1 Qe6 25. Rb4 Rab8 26. Qe1 Qd5 27. Nb7
Qd3+ 28. Kf2 Qc2+ 29. Kg3 Rd2 30. a6 Rg2+ 31. Kh3 Re2 32. Qb1 Rxh2+ 33. Rxh2
Qxb1 34. Rd2 Qe1 35. Rd8+ 0-1

[Event "Osterskars op"]
[Site "Osterskars"]
[Date "1995.??.??"]
[Round "7"]
[White "Davies, Nigel R"]
[Black "Kveinys, Aloyzas"]
[Result "0-1"]
[WhiteElo "2505"]
[BlackElo "2515"]
[PlyCount "65"]
[EventDate "1995.08.??"]
[EventType "swiss"]
[EventRounds "9"]
[EventCountry "SWE"]
[Source "ChessBase"]
[SourceDate "1996.11.15"]

1. e4 Nf6 2. e5 Nd5 3. d4 d6 4. c4 Nb6 5. exd6 cxd6 6. Nc3 g6 7. a4 Bg7 8. a5
N6d7 9. d5 O-O 10. Nf3 Nc5 11. Be2 Nba6 12. O-O Bf5 13. Nb5 Bd7 14. Re1 b6 15.
axb6 Qxb6 16. Bf1 Rfe8 17. Ra3 Nb4 18. Qd2 a5 19. Rae3 Bh6 20. Nbd4 e5 21. dxe6
fxe6 22. Qe2 e5 23. Nb3 Bxe3 24. Bxe3 Bf5 25. Ng5 Nc2 26. Nxc5 dxc5 27. g4 Nxe3
28. fxe3 Qf6 29. h4 h6 30. Bg2 Ra7 31. Bd5+ Kg7 32. Nf7 Be6 33. g5 0-1